Every CSGO Team that played a Major - Statistics

General Stats
  • This quiz has been taken 958 times
  • The average score is 30 of 74
Answer Stats
First Appearance Answer % Correct
fnatic
95%
Natus Vincere
93%
DH Winter 2013 Ninjas in Pyjamas
92%
Astralis
90%
Virtus.Pro
88%
Cologne 2014 Cloud9
86%
MLG Columbus FaZe Clan
85%
DH Cluj-Napoca G2 Esports
85%
Team Liquid
85%
Katowice 2015 Team EnVyUs
80%
SK Gaming
79%
Gambit Gaming
78%
Cologne 2015 Luminosity Gaming
76%
Team LDLC.com
74%
mousesports
71%
Katowice 2019 ENCE
70%
Katowice 2014 Titan
67%
Team Vitality
65%
Renegades
64%
FACEIT Major 2018 mibr
62%
Team Dignitas
62%
PGL 2017 BIG
60%
Team iBUYPOWER
57%
compLexity Gaming
55%
Team SoloMid
51%
FURIA Esports
50%
Immortals
48%
TYLOO
48%
HellRaisers
47%
North
47%
AVANGAR
43%
Team Spirit
42%
NRG Esports
41%
Cologne 2016 OpTic Gaming
41%
FlipSid3 Tactics
39%
Team Kinguin
37%
ELEAGUE 2017 GODSENT
36%
Counter Logic Gaming
32%
Copenhagen Wolves
30%
ELEAGUE 2018 Sprout
30%
LGB eSports
29%
Vega Squadron
27%
VeryGames
25%
Reason Gaming
24%
Space Soldiers
24%
3DMAX
23%
PENTA Sports
23%
Quantum Bellator Fire
23%
Vox Eminor
23%
ViCi Gaming
21%
Winstrike Team
19%
Astana Dragons
17%
Clan-Mystik
17%
Keyd Stars
17%
Epsilon eSports
15%
Misfits Gaming
14%
Splyce
14%
ESC Gaming
13%
London Conspiracy
13%
Bravado Gaming
12%
Grayhound Gaming
12%
Team Wolf
12%
Vexed Gaming
12%
dAT Team
11%
Flash Gaming
11%
Universal Soldiers
11%
Rogue
10%
n!faculty
9%
Team eBettle
9%
Team Immunity
8%
DH Winter 2014 Planetkey Dynamics
7%
Recursive eSports
7%
Xapso
7%
myXMG
6%
No matching quizzes found
Score Distribution
Percent of People with Each Score
Percentile by Number Answered
Your Score History
You have not taken this quiz